00000000nam##2200000za#4500
0019.516619
003CaOODSP
00520210615083014
007ta
008150406|1993||||xxc|||||     f|0| 0 fre|d
020 |a0-660-58874-9
022 |a0706-148X
040 |aCaOODSP|bfre
041 |aeng
041 |afre
043 |an-cn---
0861 |aS52-2/217-1993
1101 |aCanada.|bServices gouvernementaux Canada. |bServices de traduction.
24510|aVocabulaire du génie enzymatique / |cPréparé par Edgard Delvin et Gisèle Pham.
260 |aOttawa - Ontario : |bServices gouvernementaux Canada. |c1993.
300 |a529p. : |bréférences ; |c22 cm.
4901 |aBulletin de terminologie|x0706-148X|v217
500 |aProjet conjoint du Conseil de recherches médicales du Canada et de Services gouvernementaux Canada.
5203 |aBulletin de terminologie 217. Préparé sous la direction de Edgard Delvin et Gisèle Pham. Projet conjoint du Conseil de recherches médicales du Canada et des Services gouvernementaux Canada. Le génie enzymatique, discipline qui se penche sur la création de nouvelles réactions chimiques en vue de produire des substances à des fins commerciales, en est encore à ses premiers balbutiements. Ce vocabulaire répertorie les nouveaux termes se rapportant à cette discipline, dont 1 400 définitions dans les deux langues officielles.
546 |aBilingue
563 |aCouverture souple
590 |a93-47|b1993-11-26
69107|aIngénierie|2gcpds
69107|aTerminologie|2gcpds
7201 |aDelvin, Edgard
7201 |aPham, Gisèle
7760#|tVocabulary of enzyme engineering / |w(CaOODSP)9.590545
791 |tVocabulary of enzyme engineering / |eeng|w(CaOODSP)9.516618
830#0|aBulletin de terminologie,|x0706-148X|v217|w(CaOODSP)9.509599